• 首页
  • 本馆介绍
  • 公告通知
  • 最新文献
  • 馆藏检索
  • 电子资源
  • 读者导购
  • 参考咨询
  • 我的图书馆
  • 登录
  • 详细信息显示
  • 放入我的书架
  • 预约/预借图书
  • 作者相关作品
  • 分类相关作品
  • 丛书相关作品
  • 出版社相关作品

书目信息

  • 表格格式
  • 工作单格式
  • 卡片格式
题名:
鲁迅手稿选集
    
 
作者: 北京鲁迅博物馆 编
分册:  
出版信息: 北京   文物出版社  1960.09
页数: 1册
开本: 28.4*20cm
丛书名:
单 册:
中图分类: I210.8
科图分类:
主题词: 文学--作品集--中国
电子资源:
ISBN:
000 00637nam0 2200205 450
001 0653904031
005 20061024154859.90
010    @b线装@dCNY5.00
100    @a20061024d1960 km y0chiy0120 ea
101 0  @achi
102    @aCN@b110000
200 1  @a鲁迅手稿选集@Alu xun shou gao xuan ji@f北京鲁迅博物馆编@Fbei jing lu xun bo wu guan bian
210    @a北京@c文物出版社@d1960.09
215    @a1册@d28.4*20cm
300    @a一编一册,三编四册,共计五册为一函,缺二编
606 0  @a文学@x作品集@x中国
690    @aI210.8@v3
701  0 @a北京鲁迅博物馆@Abei jing lu xun bo wu guan@4编
801  0 @aCN@bPFT@c20061024
905    @a10447@dI210.8@e49:1
    
    鲁迅手稿选集/北京鲁迅博物馆编.-北京:文物出版社,1960.09
    1册;28.4*20cm
    一编一册,三编四册,共计五册为一函,缺二编
    
    ISBN (线装):CNY5.00
    
●
相关链接 在E读中查询图书 在五车中查询图书 在当当中查询图书 在豆瓣中查询图书


正题名:鲁迅手稿选集     索取号:I210.8/49:1         预约/预借

序号 登录号 条形码 馆藏地/架位号 状态 备注
1 0266108   202373305   古籍典藏专区/ [索取号:I210.8/49:1] 在馆    
唐山师范学院图书馆 欢迎您!
大连网信软件有限公司© 版权所有